Central Library OPAC University of Rajshahi

কল্লোল যুগ / (Record no. 2892)

MARC details
000 -LEADER
fixed length control field 00878nam a2200229 a 4500
001 - CONTROL NUMBER
control field 2892
003 - CONTROL NUMBER IDENTIFIER
rucl marc code BD-RjUL
005 - DATE AND TIME OF LATEST TRANSACTION
control field 20211208233634.0
008 - FIXED-LENGTH DATA ELEMENTS--GENERAL INFORMATION
fixed length control field 150412s1959 ii 0 ben d
035 ## - SYSTEM CONTROL NUMBER
System control number (BD-RjUL)2920
040 ## - CATALOGING SOURCE
Original cataloging agency BD-RjUL
Language of cataloging ben
Transcribing agency BD-RjUL
041 ## - LANGUAGE CODE
Language code of text/sound track or separate title ben
082 04 - DEWEY DECIMAL CLASSIFICATION NUMBER
Classification number 891.4409
Edition number 23
Author mark and year SEK 1959
100 ## - MAIN ENTRY--PERSONAL NAME
Personal name সেনগুপ্ত, অচিন্ত্যকুমার
9 (RLIN) 116540
245 ## - TITLE STATEMENT
Title কল্লোল যুগ /
Statement of responsibility, etc. অচিন্ত্যকুমার সেনগুপ্ত
250 ## - EDITION STATEMENT
Edition statement ৪র্থ সং.
260 ## - PUBLICATION, DISTRIBUTION, ETC. (IMPRINT)
Place of publication, distribution, etc. কলিকাতা :
Name of publisher, distributor, etc. ডি. এম. লাইব্রেরি,
Date of publication, distribution, etc. ১৯৫৯.
300 ## - PHYSICAL DESCRIPTION
Pagination ২০২ পৃ. ;
Size ২২ সেমি.
650 ## - SUBJECT ADDED ENTRY--TOPICAL TERM
Topical term or geographic name as entry element বাংলা সাহিত্য
Form subdivision রচনা সমগ্র
9 (RLIN) 116541
Topical term or geographic name as entry element Bengali literature
Form subdivision Collected work
9 (RLIN) 116542
942 ## - ADDED ENTRY ELEMENTS (KOHA)
Source of classification or shelving scheme Dewey Decimal Classification
Koha item type Books
Holdings
Lost status Source of classification or shelving scheme Damaged status Not for loan Collection code Permanent Location Current Location Shelving location Date acquired Source of acquisition Cost, normal purchase price Total Checkouts Full call number Date last seen Copy number Koha item type Date checked out
  Dewey Decimal Classification     Non-fiction Central Library, University of Rajshahi Central Library, University of Rajshahi   19/01/1965 Ideal 6.75   B 891.4409 SEK 1959 12/04/2015 C-2 Books  
  Dewey Decimal Classification   Not For Loan Non-fiction Central Library, University of Rajshahi Central Library, University of Rajshahi Reading Room 19/01/1965 Ideal 6.75   B 891.4409 SEK 1959 12/04/2015 C-1 Books  
  Dewey Decimal Classification     Non-fiction Central Library, University of Rajshahi Central Library, University of Rajshahi   19/01/1965 Ideal 6.75 1 B 891.4409 SEK 1959 27/04/2015 C-3 Books 12/04/2015
  Dewey Decimal Classification     Non-fiction Central Library, University of Rajshahi Central Library, University of Rajshahi   19/01/1965 Ideal 6.75   B 891.4409 SEK 1959 12/04/2015 C-4 Books  
  Dewey Decimal Classification     Non-fiction Central Library, University of Rajshahi Central Library, University of Rajshahi   23/08/1973 India Gov.   1 B 891.4409 SEK 1959 19/05/2024 C-5 Books 09/05/2024